000 00494nam a22001937a 4500
005 20251108170726.0
008 250721s1994 xx 000 0 eng d
082 1 4 _aR/915.65/JOU
100 1 _aAmin, Mohamed
245 1 0 _aJourney through jordan /
264 1 _aNairobi :
_bCamerapic publishers international,
_c1994.
300 _a193p. : ill
650 1 7 _aJordan
650 1 7 _aGeography
700 1 _aWillettes, Duncan
700 1 _aKiley, Sam
942 _2ddc
_cREF
999 _c47524
_d47524